[Event "ACL-A136"]
[Site "www.playchess.de"]
[Date "2001.04.15"]
[Round "8"]
[White "BvB09"]
[Black "Mother_Teresa"]
[WhiteElo "1500"]
[BlackElo "1464"]
[PlyCount "74"]
[Result "0-1"]

1.e4 e5 2.Bc4 Bc5 3.Qf3 Qf6 4.Qxf6 Nxf6 5.Nf3 d6 
6.Nc3 Bg4 7.Nd5 Nxd5 8.Bxd5 c6 9.Bc4 Bxf3 10.gxf3 
O-O 11.d3 b5 12.Bb3 Nd7 13.O-O a5 14.c4 a4 15.Bc2 
b4 16.b3 axb3 17.Bxb3 Bd4 18.Rb1 Nc5 19.Rd1 f5 
20.h3 f4 21.Bb2 Bxb2 22.Rxb2 {your name: mother 
fucker or?}  Ra7 {Don't be such an obnoxious 
little boy.}  23.d4 {no,it was a joke ok?sorry}  
Na4 24.Bxa4 Rxa4 25.dxe5 dxe5 26.Rd6 {you are the 
best mother ficker of the world.it isn´t a joke}  
Rf6 27.Rxf6 gxf6 28.Rd2 Kf7 29.Kf1 Ke7 30.Ke1 h5 
31.Kd1 h4 32.Kc1 Ra3 33.Rb2 c5 34.Rb3 Rxa2 35.Rb2 
Ra3 36.Kd2 {hallo mother fucker}  Rxf3 37.Ke2 
Rxh3 0-1

[Event "HCL-C266"]
[Site "www.playchess.de"]
[Date "2001.04.15"]
[Round "4"]
[White "xerxes2u"]
[Black "Kakourim"]
[WhiteElo "1496"]
[BlackElo "1000"]
[PlyCount "23"]
[Result "1-0"]

1.Nf3 Nf6 2.g3 d6 3.Bg2 c6 4.O-O e5 5.d3 Nbd7 6.e4 
Be7 7.b3 O-O 8.Bb2 Re8 9.Nbd2 a6 10.d4 b5 11.dxe5 
dxe5 {i must go now!please accept my draw!}  
12.Nxe5 1-0

[Event "ACL-A141"]
[Site "www.playchess.de"]
[Date "2001.04.15"]
[Round "16"]
[White "Zynaps"]
[Black "bernalius"]
[WhiteElo "1791"]
[BlackElo "1500"]
[PlyCount "51"]
[Result "1-0"]

1.e4 c5 2.c3 d5 3.exd5 Qxd5 4.d4 Nc6 5.Nf3 Bg4 
6.Be2 cxd4 7.cxd4 e6 8.Nc3 Bb4 9.O-O Bxc3 10.bxc3 
Nge7 11.Rb1 Qxa2 12.Rxb7 O-O 13.Rb2 Qd5 14.c4 Qd7 
15.Rd2 Rfd8 16.h3 Bh5 17.Re1 Rac8 18.d5 exd5 
19.cxd5 Nb4 20.Ba3 a5 21.Ne5 Bxe2 22.Qxe2 Qd6 
23.Nc4 Qb8 24.d6 Ned5 25.Bxb4 Nf4 
26.Qe4 1-0

[Event "HCL-C266"]
[Site "www.playchess.de"]
[Date "2001.04.15"]
[Round "12"]
[White "patzyman"]
[Black "flywheel"]
[WhiteElo "1000"]
[BlackElo "1213"]
[PlyCount "32"]
[Result "0-1"]

1.e4 e5 2.Nf3 Nc6 3.Bc4 Nf6 4.Ng5 d5 5.exd5 Nxd5 
6.Nxf7 Kxf7 7.Qf3+ Qf6 8.Bxd5+ Be6 9.Bxe6+ Kxe6 
10.Qb3+ Kd7 11.Nc3 Bb4 12.Nd5 Qh4 13.Nxb4 Nxb4 
14.a3 Qe4+ 15.Kf1 {the instant I moved to a3 I saw 
the mistake...stupid stupid stupid...}  Nxc2 16.d3 
Qe1+ 0-1

[Event "HCL-B280"]
[Site "www.playchess.de"]
[Date "2001.04.15"]
[Round "10"]
[White "jatimon"]
[Black "jalal"]
[WhiteElo "1200"]
[BlackElo "1417"]
[PlyCount "76"]
[Result "0-1"]

1.e4 e6 2.d4 d5 3.e5 c5 4.c3 Nc6 5.Be3 Qb6 6.b3 
Bd7 7.Nf3 Na5 8.Be2 f5 9.O-O c4 10.b4 Nc6 11.a4 
Be7 12.a5 Qd8 13.Qd2 a6 14.g3 Qc7 15.Bg5 h6 16.Be3 
g5 17.Ne1 g4 18.f3 h5 19.Bg5 Nd8 20.Bxe7 Nxe7 
21.Qg5 Nf7 22.Qe3 O-O-O 23.Ng2 Rdg8 24.Nh4 Ng5 
25.fxg4 hxg4 26.Kg2 Qd8 27.Rh1 Qe8 28.Kf1 Nh3 
29.Ke1 f4 30.gxf4 Rxh4 31.Nd2 Qg6 32.Nf1 Qh6 
33.Bd1 Nxf4 34.Qg3 Rh3 35.Qg1 Rxc3 36.Be2 Ba4 
37.Rxa4 Nxe2 38.Kxe2 Rc2+ 0-1

[Event "HCL-B277"]
[Site "www.playchess.de"]
[Date "2001.04.15"]
[Round "4"]
[White "Fringe"]
[Black "sloba55"]
[WhiteElo "1635"]
[BlackElo "1002"]
[PlyCount "90"]
[Result "0-1"]

1.e4 e5 2.Nc3 {have a nice game and a good 
tournament. Grettings from Italy}  Nf6 3.f4 d5 
4.fxe5 Nxe4 5.Nf3 Be7 6.Qe2 Nxc3 7.dxc3 O-O 8.Bf4 
c6 9.O-O-O Qa5 10.Kb1 Na6 11.Qf2 Nc5 12.Bd3 Ne4 
13.Bxe4 dxe4 14.Ng5 Bxg5 15.Bxg5 Be6 16.a3 Qxe5 
17.Bf4 Qf5 18.Qe3 Rfd8 19.h3 Bd5 20.g4 Qe6 21.Rhe1 
b6 22.Kc1 b5 23.Rd2 Rd7 24.Red1 f6 25.g5 f5 26.h4 
Qf7 27.Qe2 Rad8 28.h5 a5 29.g6 hxg6 30.hxg6 Qxg6 
31.Qe3 Be6 32.Qb6 R7xd2 33.Bxd2 Qe8 34.Rg1 a4 
35.Qf2 Rd7 36.Qh2 Bc4 37.Rh1 Qg6 38.Be3 Kf7 39.Rg1 
Qf6 40.Bd4 Qh6+ 41.Qxh6 gxh6 42.Rg7+ Ke6 43.Rg6+ 
Kd5 44.Rf6 e3 45.b3 axb3 0-1

[Event "HCL-B283"]
[Site "www.playchess.de"]
[Date "2001.04.15"]
[Round "3"]
[White "hercules"]
[Black "Lycanth"]
[WhiteElo "1200"]
[BlackElo "1242"]
[PlyCount "51"]
[Result "1-0"]

1.d4 Nf6 {hi}  2.c4 g6 3.Nc3 Bg7 4.e4 d6 5.Nge2 
O-O 6.Ng3 Nbd7 7.Be2 e5 8.d5 Nc5 9.Bg5 h6 10.Be3 
b6 11.Qd2 h5 12.Bg5 Qd7 13.b4 Nb7 14.Bd1 Nh7 
15.Ba4 Qg4 16.Be7 a5 17.Nce2 axb4 18.f3 Qxg3+ 
19.Nxg3 Rxa4 20.Bxf8 Nxf8 21.O-O f6 22.Rfb1 Na5 
23.Rxb4 Nxc4 24.Qc3 Rxb4 25.Qxb4 Na5 
26.Rc1 1-0

[Event "HCL-B283"]
[Site "www.playchess.de"]
[Date "2001.04.15"]
[Round "17"]
[White "hercules"]
[Black "lonewolf"]
[WhiteElo "1200"]
[BlackElo "1649"]
[PlyCount "79"]
[Result "1/2-1/2"]

1.d4 {hi :-)}  d6 {hi,good luck}  2.c4 e5 3.dxe5 
Nc6 4.exd6 Qxd6 5.Qxd6 Bxd6 6.Nf3 Nf6 7.Bd2 Bf5 
8.Bc3 Nb4 9.Na3 O-O-O 10.Nd4 Rhe8 11.e3 Bg6 
12.Nab5 Bc5 13.a3 Nd3+ 14.Bxd3 Bxd3 15.Nb3 Ne4 
16.Bxg7 Bxc4 17.N5d4 Bb6 18.Rc1 {VERY COMPLICATED} 
 Bxb3 {Yes it is,and interesting.}  19.Nxb3 Reg8 
20.Be5 Rg5 21.Bf4 Rb5 22.Nd4 Rxb2 23.O-O Ra2 
24.Nb5 c6 25.Nc3 Nxc3 26.Rxc3 f6 27.g3 Rdd2 28.Kg2 
a6 29.g4 Ba5 30.Rb3 c5 31.e4 Rd4 32.Be3 Rxe4 
33.Kf3 Rc4 34.Rd1 Bc7 35.Rd5 Bxh2 36.Rf5 h5 
37.Rxh5 Bd6 38.Rd5 Kc7 39.Rbd3 Be5 40.Rxc5+ {:-)} 
 1/2-1/2

[Event "HCL-B281"]
[Site "www.playchess.de"]
[Date "2001.04.15"]
[Round "21"]
[White "Claudio"]
[Black "DrJon"]
[WhiteElo "1400"]
[BlackElo "1552"]
[PlyCount "40"]
[Result "1/2-1/2"]

1.e4 {Good game}  c6 {have a good game from 
cheyenne wyoming usa}  2.d4 {Best regards from 
Palermo Italy}  d5 3.e5 {Ciao!}  Bf5 4.Nf3 
{Goodbye}  e6 {chow}  5.Be2 c5 6.O-O Nc6 7.c3 Qd7 
{scuzzi, caio}  8.Be3 {Ciao Dr.Jon}  cxd4 9.cxd4 
Rc8 {Ciao, eventually I will get there}  10.Nc3 
{Good weekend}  Nge7 {Yes, good weekend}  11.Rc1 
{Best regards}  Bg4 12.Nb5 {Ciao}  Nf5 13.h3 {Best 
regards}  Bxf3 14.Bxf3 Be7 15.Qd3 O-O 16.Nc3 Bb4 
17.a3 Be7 18.b4 f6 19.exf6 Bxf6 20.Ne2 g6 {Have a 
pleasant Easter Sunday!}  1/2-1/2

[Event "HCL-A130"]
[Site "www.playchess.de"]
[Date "2001.04.15"]
[Round "4"]
[White "rhand"]
[Black "THEGREENMILE"]
[WhiteElo "1700"]
[BlackElo "1700"]
[PlyCount "36"]
[Result "0-1"]

1.e4 {nice to meet you}  d5 2.exd5 Qxd5 3.Nc3 Qa5 
4.Bc4 Nf6 {ben je nederlandstalig??}  5.d3 c6 
6.Bd2 {ja, dat had ik van jouw niet verwacht}  Qc7 
7.Nge2 {ik dacht dat je duitser was?}  Bg4 {ben ik 
ook maar ik won direkt bij venlo in duitsland en 
ik werk ook in venlo}  8.O-O Nbd7 9.a4 e6 10.f3 
Bh5 11.Ng3 Bg6 12.Kh1 Bd6 13.f4 O-O-O 14.Nce4 Be7 
15.Qe2 Nxe4 16.dxe4 h5 17.Rfd1 h4 18.Nf1 
Bh5 0-1

[Event "HCL-B282"]
[Site "www.playchess.de"]
[Date "2001.04.15"]
[Round "9"]
[White "whatsleft2"]
[Black "hreed"]
[WhiteElo "1887"]
[BlackElo "1200"]
[PlyCount "44"]
[Result "0-1"]

1.e4 {goodluck}  c6 {greetings from Boston, good 
chess!}  2.d4 {thanks from south texas on gulf of 
mexico}  d5 {are you from Brownsville?}  3.e5 {i  
left brownsville last year live 80 miles from 
corpus christi now}  Bf5 4.Nc3 {no lived there 4 
yrs moved to texas from south dakota}  e6 {I was 
born in Indiana, lived in CT and GA before moving 
to Boston}  5.g4 {i lived in s.d. for 9yrs moved 
ther from w.va. lived there 10yrs moved there from 
southern md}  Bg6 {I commuted to DC areafrom 
Boston for a year, I wonder if everyone moves 
around like us?}  6.h4 {i have enjoyed it went 
from moutians to plains to the coast met lots of 
nice people}  h5 {same here}  7.g5 c5 8.Bb5+ {i am 
now living in a town of 900 pop. iam 3 blocks from 
water}  Nc6 9.Nf3 {i was fishing all morning 
caught some nice seatrout and a bad case of 
sunburn}  a6 {sounds like nice weather!}  10.Bxc6+ 
bxc6 11.Ne2 cxd4 12.Nfxd4 c5 13.Nb3 a5 14.Nf4 Be4 
15.Rg1 g6 16.f3 Bf5 {I will be travelling April 9} 
 17.Qe2 {where are you travelling to}  a4 18.Nd2 
Qb6 19.c4 Ne7 {I went to Wash DC for the day}  
20.Nf1 {i grew up in that area and i do not miss 
it}  Nc6 21.Ne3 {this is not looking good for the 
white side of board you played very good game}  
Nd4 22.Qd1 {goodgame i am going to resign after 
your next move thanks for exciting game}  
dxc4 0-1

[Event "ACL-A155"]
[Site "www.playchess.de"]
[Date "2001.04.15"]
[Round "1"]
[White "Reverend_Owen"]
[Black "manos"]
[WhiteElo "1500"]
[BlackElo "1500"]
[PlyCount "29"]
[Result "1-0"]

1.e4 e5 2.Nf3 Qf6 3.Nc3 c6 4.d4 exd4 5.Bg5 Qd6 
6.Nxd4 c5 {i'm gonna be away for this weekend}  
7.Ndb5 Qxd1+ 8.Rxd1 Na6 9.Nd5 f6 10.Nbc7+ Nxc7 
11.Nxc7+ Kd8 12.Bf4 Rb8 13.Ne6+ Ke7 14.Bd6+ Kxe6 
15.Bc4+ 1-0

[Event "ACL-A155"]
[Site "www.playchess.de"]
[Date "2001.04.15"]
[Round "2"]
[White "hercules"]
[Black "Reverend_Owen"]
[WhiteElo "1500"]
[BlackElo "1500"]
[PlyCount "46"]
[Result "0-1"]

1.d4 Nf6 2.c4 g6 3.Nc3 d5 4.Bf4 Bg7 5.e3 c5 6.dxc5 
Qa5 7.Rc1 dxc4 8.Bxc4 O-O 9.Nge2 Qxc5 10.Qb3 Qa5 
11.O-O Nbd7 12.Rfd1 Nc5 13.Qb5 Qxb5 14.Nxb5 Be6 
15.Ned4 Bxc4 16.Rxc4 Ncd7 17.Nb3 Nb6 18.Rc7 Rfd8 
19.Rxd8+ Rxd8 20.g3 Rd1+ 21.Kg2 Rd7 22.Nxa7 Nfd5 
23.Na5 Nxf4+ 0-1

[Event "HCL-C275"]
[Site "www.playchess.de"]
[Date "2001.04.15"]
[Round "10"]
[White "Ross"]
[Black "janaj"]
[WhiteElo "1000"]
[BlackElo "880"]
[PlyCount "48"]
[Result "0-1"]

1.e4 e5 2.Nc3 Nc6 3.Nh3 h6 4.g4 d6 5.Nd5 a6 6.g5 
h5 7.g6 fxg6 8.d3 Bg4 9.Bg5 Qd7 10.f3 Be6 11.d4 
Nxd4 12.Nc3 Nf6 13.f4 O-O-O 14.fxe5 dxe5 15.b3 Bb4 
16.Qd2 Nf3+ 17.Kf2 Nxd2 18.Na4 Nfxe4+ 19.Ke1 Nf3+ 
20.Ke2 Nfxg5 21.Nxg5 Qd2+ 22.Kf3 Nxg5+ 23.Kg3 Qe3+ 
24.Kh4 Qf4+ 0-1

[Event "HCL-B289"]
[Site "www.playchess.de"]
[Date "2001.04.15"]
[Round "9"]
[White "Trauko"]
[Black "Gandalf_9417"]
[WhiteElo "1200"]
[BlackElo "1384"]
[PlyCount "55"]
[Result "1-0"]

1.e4 c6 {good luck..}  2.d4 d5 3.e5 Bf5 4.h4 h6 
5.g4 Bh7 6.e6 fxe6 7.Bd3 e5 8.dxe5 e6 9.Bxh7 Rxh7 
10.Qd3 Rh8 11.f4 Nd7 12.Qg6+ Ke7 13.f5 Qe8 
14.Qxe6+ Kd8 15.Qxe8+ Kxe8 16.Nf3 Nc5 17.Nc3 Kd7 
18.Be3 Rd8 19.e6+ Kc8 20.Ne5 Rh7 21.O-O-O Nf6 
22.g5 hxg5 23.hxg5 Rxh1 24.Rxh1 d4 25.Bxd4 Rxd4 
26.gxf6 gxf6 27.Rh8 Rd8 28.Nf7 1-0

[Event "HCL-C277"]
[Site "www.playchess.de"]
[Date "2001.04.15"]
[Round "19"]
[White "rwdiamond"]
[Black "YoYo"]
[WhiteElo "1004"]
[BlackElo "1377"]
[PlyCount "76"]
[Result "0-1"]

1.e4 c5 {gl}  2.Bc4 {same to you}  d6 3.Nc3 Nf6 
4.h3 Nc6 5.Nf3 e6 6.d3 Be7 7.O-O O-O 8.Re1 e5 
9.Nd5 Nxd5 10.Bxd5 Be6 11.Bxe6 fxe6 12.c3 Qe8 
13.d4 exd4 14.cxd4 cxd4 15.Nxd4 Qf7 16.Be3 Ne5 
17.Rc1 Rac8 18.Rxc8 Rxc8 19.Qb3 Nc4 20.Nb5 Nxe3 
21.Qxe3 a6 22.Na7 Rc2 23.Re2 Rxe2 24.Qxe2 Bf6 
25.Nc8 Qc7 26.Na7 Bd4 27.Qh5 g6 28.Qg4 Bxa7 
29.Qxe6+ Qf7 30.Qxf7+ Kxf7 31.Kf1 Kf6 32.f3 Ke5 
33.Ke2 Kf4 34.a4 Kg3 35.Kf1 h5 36.b4 Bd4 37.b5 
axb5 38.axb5 b6 0-1

[Event "ACL-A147"]
[Site "www.playchess.de"]
[Date "2001.04.15"]
[Round "14"]
[White "deadeasy"]
[Black "DKCozy"]
[WhiteElo "1904"]
[BlackElo "1500"]
[PlyCount "47"]
[Result "1-0"]

1.e4 e6 2.d4 b6 3.c4 Bb7 4.Bd3 Ne7 5.Nf3 d5 6.exd5 
exd5 7.O-O dxc4 8.Bxc4 Ng6 9.Ng5 Bd5 10.Nxf7 Bxf7 
11.Bxf7+ Kxf7 12.Qf3+ Qf6 13.Qxa8 Nc6 14.d5 Nd4 
15.Nc3 a5 16.Qc8 Bd6 17.Qd7+ Ne7 18.Be3 Ndf5 
19.Ne4 Bxh2+ 20.Kh1 Qh4 21.Ng5+ Kg6 22.Qe6+ Kh5 
23.Qf7+ g6 24.Nf3 1-0

[Event "HCL-C280"]
[Site "www.playchess.de"]
[Date "2001.04.15"]
[Round "2"]
[White "Rengar"]
[Black "Coney"]
[WhiteElo "1153"]
[BlackElo "1167"]
[PlyCount "71"]
[Result "1-0"]

1.d4 Nf6 2.c4 e6 3.Nf3 b6 4.g3 Bb7 5.Bg2 Be7 6.Nc3 
O-O 7.O-O c5 8.e3 cxd4 9.exd4 Na6 10.Bg5 h6 11.Be3 
d5 12.Ne5 Nc7 13.Qd2 Bd6 14.cxd5 Bxe5 15.dxe5 
Nfxd5 16.Bxh6 gxh6 17.Qxh6 Nxc3 18.Bxb7 Rb8 
19.bxc3 Rxb7 20.Rad1 Qe7 21.Rd4 f5 22.exf6 Rxf6 
23.Rg4+ Kf7 24.Rg7+ Ke8 25.Rxe7+ Kxe7 26.Qg7+ Rf7 
27.Qg5+ Rf6 28.Rd1 Nd5 29.Rd3 Rc7 30.Rf3 Rxc3 
31.Rxc3 Nxc3 32.Qg7+ Rf7 33.Qxc3 Kf8 34.h4 Re7 
35.f4 Kf7 36.Kg2 1-0

[Event "HCL-A133"]
[Site "www.playchess.de"]
[Date "2001.04.15"]
[Round "35"]
[White "Whatever"]
[Black "gypla"]
[WhiteElo "1558"]
[BlackElo "1900"]
[PlyCount "38"]
[Result "0-1"]

1.e4 {Have a good game}  e5 2.Nf3 Nc6 3.Bc4 Nf6 
4.Ng5 Bc5 5.Bxf7+ Ke7 6.Bb3 Qe8 7.O-O d6 8.d3 Bg4 
9.Nf3 Nd4 10.Nbd2 Qh5 11.c3 Nxf3+ 12.Nxf3 Raf8 
13.Qe2 Bxf3 14.gxf3 Nd7 15.Be3 Rxf3 16.Bd1 Rhf8 
17.Bxc5 Nxc5 18.b4 Nxd3 19.Qxd3 
Qg6+ 0-1

[Event "HCL-C290"]
[Site "www.playchess.de"]
[Date "2001.04.15"]
[Round "4"]
[White "Lukas"]
[Black "Manolito_Gafotas"]
[WhiteElo "824"]
[BlackElo "1000"]
[PlyCount "50"]
[Result "0-1"]

1.e4 e5 2.Nf3 Nc6 3.Bb5 a6 4.Bxc6 dxc6 5.O-O Bg4 
6.h3 h5 7.d3 Qf6 8.Nbd2 Ne7 9.Nb3 Bxf3 10.Qxf3 
Qxf3 11.gxf3 Ng6 12.Kg2 O-O-O 13.Be3 Nf4+ 14.Bxf4 
exf4 15.Rfg1 Be7 16.Rae1 g5 17.Kh2 Rdg8 18.Rg2 g4 
19.Nd2 Rg7 20.Reg1 g3+ 21.fxg3 fxg3+ 22.Kh1 h4 
23.c3 c5 24.f4 Rd8 25.Nc4 Rxd3 0-1

[Event "HCL-C290"]
[Site "www.playchess.de"]
[Date "2001.04.15"]
[Round "10"]
[White "Manolito_Gafotas"]
[Black "olaf"]
[WhiteElo "1000"]
[BlackElo "1335"]
[PlyCount "43"]
[Result "1-0"]

1.e4 c6 2.d4 d5 3.Nc3 dxe4 4.Nxe4 Nf6 5.Nxf6+ exf6 
6.Bc4 b5 7.Bb3 a5 8.c3 Bd6 9.Qh5 g6 10.Qe2+ Be7 
11.Bh6 a4 12.Bc2 Be6 13.Nf3 a3 14.b3 b4 15.c4 Qd6 
16.O-O Nd7 17.Rfe1 Ra5 18.Rad1 Rh5 19.Bc1 Bg4 
20.Bf4 Ne5 21.dxe5 Qc5 22.exf6 1-0

[Event "HCL-A131"]
[Site "www.playchess.de"]
[Date "2001.04.15"]
[Round "17"]
[White "Whatever"]
[Black "waz2000"]
[WhiteElo "1525"]
[BlackElo "1895"]
[PlyCount "26"]
[Result "0-1"]

1.e4 e5 2.Nf3 d5 3.Nxe5 Qe7 4.d4 f6 5.Nc3 fxe5 
6.Nxd5 Qd7 7.dxe5 Nc6 8.Bf4 Qd8 9.Qf3 Nd4 10.Qc3 
Ne6 11.Bg3 c6 12.Ne3 a5 13.a3 Bb4 0-1

[Event "HCL-B306"]
[Site "www.playchess.de"]
[Date "2001.04.15"]
[Round "5"]
[White "suez"]
[Black "cathy_49"]
[WhiteElo "1417"]
[BlackElo "1200"]
[PlyCount "45"]
[Result "1-0"]

1.e4 c5 2.Nf3 Nc6 3.d4 d6 4.d5 Ne5 5.Nxe5 dxe5 
6.Bb5+ Bd7 7.Bxd7+ Qxd7 8.O-O {Greetings.}  Nf6 
9.Nc3 g6 10.f4 Qd6 11.Qe2 a6 12.fxe5 Qxe5 13.Qf2 
h6 14.Bf4 Qh5 15.Bg3 Rh7 16.Qxc5 Ng4 17.Qb6 e6 
18.Qxb7 Bc5+ 19.Kh1 {Have a nice Easter}  Ra7 
{thank you the same for you}  20.Qc8+ Ke7 21.Qxc5+ 
Ke8 22.Qc8+ Ke7 23.d6+ 1-0

[Event "HCL-B308"]
[Site "www.playchess.de"]
[Date "2001.04.15"]
[Round "7"]
[White "BABU"]
[Black "hassell"]
[WhiteElo "1500"]
[BlackElo "1682"]
[PlyCount "24"]
[Result "0-1"]

1.e4 e5 2.Nf3 Nc6 3.Bb5 a6 4.Bxc6 dxc6 5.h3 h5 
6.O-O Bg4 7.Re1 Qf6 8.d3 Bd6 9.hxg4 hxg4 10.Nfd2 
Qh4 11.Kf1 {hehhe , it's a risk I took}  Bc5 12.g3 
Qh2 0-1

[Event "HCL-C297"]
[Site "www.playchess.de"]
[Date "2001.04.15"]
[Round "5"]
[White "yesbee"]
[Black "Lukas"]
[WhiteElo "1000"]
[BlackElo "1038"]
[PlyCount "46"]
[Result "1/2-1/2"]

1.d4 Nf6 2.c4 g6 3.Nc3 d5 4.Bf4 O-O 5.e3 c5 6.Nf3 
Qa5 7.dxc5 dxc4 8.Qc2 Nc6 9.Bxc4 Qxc5 10.O-O {King 
side castle.  Not sure of move command(o-o or 
e1-g1).}  Nb4 11.Bd3 Nxd3 12.Qe2 Bf5 13.Qxd3 Qxd4 
14.Qd4 Bd7 15.Nxd4 Rac8 16.Be5 Rfd8 17.Rfd1 Bf5 
18.Rd3 gxf5 19.Nxf5 Rxd3 20.Rad1 Ne4 21.Rxd3 Kxg7 
22.Bxg7 Nxc3 23.f3 Rxc3 1/2-1/2

[Event "HCL-B312"]
[Site "www.playchess.de"]
[Date "2001.04.15"]
[Round "25"]
[White "jensm"]
[Black "mouloud"]
[WhiteElo "1500"]
[BlackElo "1200"]
[PlyCount "69"]
[Result "1-0"]

1.e4 c5 2.Nf3 Nc6 3.d4 e6 4.d5 exd5 5.exd5 Na5 
6.c4 d6 7.Nc3 Nf6 8.h3 Bd7 9.Bd3 Qe7+ 10.Be3 g6 
11.a3 b6 12.b4 Nb7 13.O-O Bg7 14.Re1 O-O 15.Bxc5 
Qd8 16.Bd4 Re8 17.Qd2 Qc7 18.Rxe8+ Rxe8 19.Re1 Qc8 
20.Rxe8+ Qxe8 21.Qe3 Nh5 22.Qxe8+ Bxe8 23.g3 Bd7 
24.Kg2 Bxd4 25.Nxd4 f5 26.Ncb5 a5 27.Nc7 Nf6 
28.Na8 axb4 29.axb4 Nc5 30.bxc5 bxc5 31.Nb5 Bxb5 
32.cxb5 Kf8 {It smells...}  33.b6 {to be hounest, 
it looks not easy for black I admit}  Ke8 34.b7 
Nd7 35.Bb5 1-0

[Event "HCL-C312"]
[Site "www.playchess.de"]
[Date "2001.04.15"]
[Round "1"]
[White "thalis"]
[Black "Lukas"]
[WhiteElo "1515"]
[BlackElo "1108"]
[PlyCount "68"]
[Result "0-1"]

1.e4 {Ich habe mich aber noch nicht mit 
Sizilianisch beschäftigen können ... ;-)}  c5 {Das 
sagst Du nur so...! - Wenn es so wäre hätte ich 
kein Problem damit. ;-)}  2.d4 {Na dann hoffe ich, 
es Dir mit dieser Variante nicht zu leicht zu 
machen! :-))}  cxd4 {Ich bin tatsächlich 
überrascht! :-)}  3.c3 {Jetzt wahrscheinlich noch 
mehr ...}  dxc3 {Nö! :-)}  4.Nxc3 {Die Eröffnung 
heißt Morro-Gambit}  Nc6 5.Nf3 {Mit Trodat haben 
wir auch jemand netten in der Gruppe.}  e6 {Und 
dieser hat auch schon einen Bauern weniger :-)}  
6.Bc4 {Irgendwie habe ich schon Gefallen an den 
Gambits gefunden; Trodat bekommt auch das 
Königsgambit.}  a6 {Wirst Du dieses nun öfters 
spielen...?}  7.a4 {Das Evansgambit reizt auch 
sehr; ein weiteres Turnier ist aber noch nicht 
möglich... :-)}  Be7 {a4 - Und was ist mit meinem 
Lieblingszug b5?}  8.O-O Nf6 {---}  9.Re1 {Bin mal 
gespannt hier!}  d6 10.Bf4 O-O 11.Qc1 Bd7 12.h3 
Rc8 13.b3 e5 14.Bh6 {Ich gehe jetzt mal volles 
Risiko! Kann daneben gehen, macht aber Laune!}  
gxh6 {Dann muss ich auf h6 schlagen, wenn ich 
nichts falsches daran erkennen kann...}  15.Qxh6 
Nd4 16.Ng5 Ne6 17.Re3 Nxg5 18.Qxg5+ Kh8 19.Qh6 Rg8 
{-}  20.Bxf7 Rg7 21.Bh5 Ng8 22.Qxg7+ Kxg7 23.Rg3+ 
Kh8 24.Rf3 {... ein klitzekleinesbißchen spielen 
wir noch!}  Nf6 {Okay...}  25.g4 Rxc3 26.Rxc3 Nxh5 
27.gxh5 b5 28.Re1 b4 29.Rg3 Be6 30.Ree3 Bg5 
31.Ref3 {Möchtest Du das Mattbild}  Qc8 {Wie 
bekommen wir das schnell hin...?}  32.Rxg5 {War 
Dein letzter Zug ok???}  Qc1+ {Du wolltest doch 
ein Matt :) Also Dc1+}  33.Kh2 {Na gut! :-))}  
Qxg5 {Wir haben einen neuen Gegner! - Olaf - Habe 
zwei Niederlagen gegen Ihn...}  34.Rf8+ 
Kg7 0-1

[Event "HCL-C312"]
[Site "www.playchess.de"]
[Date "2001.04.15"]
[Round "12"]
[White "Yurispb"]
[Black "Lukas"]
[WhiteElo "1469"]
[BlackElo "1108"]
[PlyCount "35"]
[Result "1-0"]

1.e4 c5 2.Nf3 d6 3.d4 cxd4 4.Nxd4 Nf6 5.Nc3 a6 
6.Bg5 e6 7.f4 Be7 8.Qf3 h6 9.Bh4 Qc7 10.O-O-O Nbd7 
11.g4 b5 12.Bxf6 Nxf6 13.g5 Nd7 14.g6 O-O 15.gxf7+ 
Rxf7 16.Nxe6 Qa5 17.Rg1 b4 18.Nd5 1-0

[Event "ACL-A070"]
[Site "www.playchess.de"]
[Date "2001.04.15"]
[Round "28"]
[White "DaveM"]
[Black "peze2"]
[WhiteElo "1500"]
[BlackElo "1986"]
[PlyCount "106"]
[Result "0-1"]

1.e4 e5 2.Nf3 Nf6 3.Nxe5 d6 4.Nf3 Nxe4 5.d4 d5 
6.Bd3 Bd6 7.O-O O-O 8.c4 c6 9.Qc2 Na6 10.Bxe4 dxe4 
11.Qxe4 Re8 12.Qd3 Bg4 13.Bg5 f6 14.Bc1 Qd7 15.Qb3 
Rad8 16.c5+ Be6 17.Qc3 Bb8 18.Be3 Nc7 19.Re1 Nd5 
20.Qd3 Re7 21.Nc3 Rde8 22.Qd2 Bg4 23.Nxd5 Qxd5 
24.Bf4 Bxf4 25.Qxf4 Bxf3 26.Rxe7 Rxe7 27.gxf3 g5 
28.Qd6 Qxd6 29.cxd6 Re6 30.b4 Rxd6 31.Rd1 Kf7 
32.f4 gxf4 33.Kg2 Kg6 34.Kf3 Kf5 35.a4 Rd7 36.h4 
Rd5 37.Ke2 a5 38.bxa5 Rxa5 39.Rb1 Rxa4 40.Rxb7 h5 
41.Rc7 Rxd4 42.Rxc6 Kg4 43.Rxf6 Re4+ 44.Kd3 Re5 
45.Rf8 Kf3 46.Rf7 Rd5+ 47.Kc2 Rd4 48.Rf5 Kxf2 
49.Rxh5 f3 50.Rf5 Ke3 51.h5 Rc4+ 52.Kd1 f2 53.Re5+ 
Kf4 {The game is won!}  0-1

[Event "ACL-A033"]
[Site "www.playchess.de"]
[Date "2001.04.15"]
[Round "2"]
[White "satura"]
[Black "Whoaplayer"]
[WhiteElo "1832"]
[BlackElo "1500"]
[PlyCount "35"]
[Result "1-0"]

1.c4 c5 2.Nc3 e6 3.e4 Nf6 4.Nf3 Be7 5.Nd4 e5 6.Nf5 
O-O 7.Be2 d6 8.g4 Nxg4 9.Bxg4 Bxf5 10.Bxf5 a6 
11.d3 Bg5 12.Qh5 h6 13.Bxg5 Nd7 14.Bxd8 Raxd8 
15.Rg1 a5 16.Qxh6 g6 17.Bxg6 Nf6 
18.Bf5+ 1-0

[Event "ACL-A033"]
[Site "www.playchess.de"]
[Date "2001.04.15"]
[Round "5"]
[White "Gabaldon"]
[Black "sazex"]
[WhiteElo "1500"]
[BlackElo "1760"]
[PlyCount "28"]
[Result "0-1"]

1.e4 e5 2.Nf3 Nc6 3.Bc4 Bc5 4.b4 Bxb4 5.c3 Bc5 
6.d4 exd4 7.O-O d6 8.cxd4 Bb6 9.d5 Qf6 10.Qb3 Nd4 
11.Bb2 Nxb3 12.Bxf6 Nxf6 13.axb3 Nxe4 14.Bd3 
Nf6 0-1

[Event "ACL-A033"]
[Site "www.playchess.de"]
[Date "2001.04.15"]
[Round "8"]
[White "sazex"]
[Black "Silver_Fox"]
[WhiteElo "1760"]
[BlackElo "1500"]
[PlyCount "46"]
[Result "1/2-1/2"]

1.e4 d6 2.d4 Nf6 3.Nf3 Nxe4 4.Bd3 Nf6 5.O-O g6 
6.Re1 Bg7 7.Qe2 Nbd7 8.c4 c5 9.b4 cxd4 10.Bb2 e5 
11.Bxd4 O-O 12.Bb2 Re8 13.Nc3 a5 14.bxa5 Qxa5 
15.Rad1 Nc5 16.Nb5 Rd8 17.Bc2 Ne8 18.a3 Be6 19.Ng5 
Rac8 20.Nxe6 Nxe6 21.Bb3 Nc5 22.Bc2 Na4 23.Ba1 
Nb6 1/2-1/2

[Event "ACL-A033"]
[Site "www.playchess.de"]
[Date "2001.04.15"]
[Round "12"]
[White "MarkusSSG"]
[Black "sazex"]
[WhiteElo "1737"]
[BlackElo "1760"]
[PlyCount "58"]
[Result "1/2-1/2"]

1.d4 f5 2.Nf3 Nf6 3.Bf4 e6 4.e3 Be7 5.Nbd2 Nh5 
6.Bd3 Nxf4 7.exf4 c6 8.Qe2 O-O 9.c3 Bf6 10.O-O-O 
b5 11.Rhe1 a5 12.h4 b4 13.c4 a4 14.h5 d6 15.Qe3 
Ra5 16.Kb1 h6 17.Nf1 c5 18.Ng3 cxd4 19.Nxd4 Bxd4 
20.Qxd4 Nc6 21.Qe3 Qc7 22.Nf1 Rc5 23.Nd2 Na5 24.f3 
d5 25.cxd5 Rxd5 26.Bc2 a3 27.bxa3 bxa3 28.g3 Rxd2 
29.Qxd2 Qb6+ 1/2-1/2

[Event "ACL-A033"]
[Site "www.playchess.de"]
[Date "2001.04.15"]
[Round "23"]
[White "yury"]
[Black "sazex"]
[WhiteElo "1500"]
[BlackElo "1760"]
[PlyCount "64"]
[Result "0-1"]

1.d4 f5 2.Nc3 e6 3.e4 d5 4.e5 c6 5.f4 g6 6.Nf3 Bg7 
7.Be2 b6 8.O-O Ne7 9.Qe1 Ba6 10.Bxa6 Nxa6 11.a3 
O-O 12.Qh4 Nc7 13.Ng5 h6 14.Nh3 c5 15.Ne2 Nc6 
16.Qxd8 Raxd8 17.c3 c4 18.Be3 a5 19.a4 Rdb8 20.Nf2 
b5 21.Rfb1 b4 22.b3 bxc3 23.bxc4 c2 24.Rbc1 Rb2 
25.c5 Rfb8 26.Bd2 R8b3 27.Rcf1 Na6 28.Nc1 Nxd4 
29.Nxb3 Rxb3 30.Bxa5 Nxc5 31.Bd2 Rb8 32.Kh1 
Ncb3 0-1